| 000 | 00630nam a2200241Ia 4500 | ||
|---|---|---|---|
| 003 | OSt | ||
| 005 | 20220918223507.0 | ||
| 006 | a|||||r|||| 00| 0 | ||
| 007 | ta | ||
| 008 | 220917b |||||||| |||| 00| 0 eng d | ||
| 024 | _a222,973 | ||
| 037 | _cTextual | ||
| 040 |
_aARTS _cARTS _beng |
||
| 041 |
_2eng _aeng |
||
| 082 | _aR3xC67:g, N6 | ||
| 100 |
_aAristotle _952557 |
||
| 245 | 0 | _aPoetics | |
| 260 |
_aLondon _bPenguin books _c1996 |
||
| 300 |
_alxx, 62p _ccm. |
||
| 700 |
_a Heath Malcolm Tr. _9145894 |
||
| 942 |
_hR3xC67:g, N6 _cTEXL _2CC |
||
| 999 |
_c278644 _d278644 |
||